El ciclo de la vida: una visión sistémica de la familia

Gespeichert in:
Bibliographische Detailangaben
Hauptverfasser: Belart, Ascensión (VerfasserIn), Ferrer, María (VerfasserIn)
Format: Buch
Sprache:Spanisch
Veröffentlicht: Bilbao Desclée de Brouwer 1999
Ausgabe:2a. ed
Schriftenreihe:Colección Crecimiento Personal, 29
Schlagworte:
Tags: Tag hinzufügen
Keine Tags, Fügen Sie den ersten Tag hinzu!

MARC

LEADER 00000nam a2200000 a 4500
001 UCP8463
003 CL-VaPUC
008 000303e19990000SP |||||||||||||||||spa|d
082 0 4 |a 306.85  |b BEL  |2 21 
100 0 |a Belart, Ascensión  |e author  |9 438431 
700 0 |a Ferrer, María  |e author  |9 438432 
245 1 3 |a El ciclo de la vida: una visión sistémica de la familia 
250 |a 2a. ed 
300 |a 228 p 
942 |c BK 
945 |d 20000303 00:00:00  |a rbrito 
260 |a Bilbao  |b Desclée de Brouwer  |c 1999 
650 0 |a Psicología del desarrollo  |9 307541 
650 0 |a Psicología del niño  |9 307305 
650 0 |a Familias   |9 255641 
583 |a last modification  |c 20130107 12:07:31  |k Rodrigo Vera 
490 0 |a Colección Crecimiento Personal, 29 
999 |c 285359  |d 285357 
952 |0 0  |1 0  |4 0  |6 306_850000000000000_BEL_1999  |7 0  |8 A  |9 329906  |a BIBEDU  |b BIBEDU  |d 2019-11-20  |i 3595854  |o 306.85 BEL 1999  |p 3595854  |r 2019-11-20  |w 2019-11-20  |y BK  |k EPE 
952 |0 0  |1 0  |4 0  |6 306_850000000000000_BEL_1999  |7 0  |8 A  |9 329907  |a BIBEDU  |b BIBEDU  |d 2019-11-20  |i 3697517  |l 1  |o 306.85 BEL 1999  |p 3697517  |r 2023-10-05  |s 2023-09-28  |w 2019-11-20  |y BK  |k EPE 
952 |0 0  |1 0  |4 0  |6 306_850000000000000_BEL_1999  |7 0  |8 A  |9 329908  |a BIBEDU  |b BIBEDU  |d 2019-11-20  |i 3721450  |o 306.85 BEL 1999  |p 3721450  |r 2019-11-20  |w 2019-11-20  |y BK  |k EPE